[Event "Unterfranken-ch HB 60th"]
[Site "Obernau"]
[Date "2009.04.16"]
[Round "6"]
[White "Blank, Stefan"]
[Black "Volz, Harald"]
[Result "1/2-1/2"]
[WhiteElo "1848"]
[BlackElo "1727"]
[PlyCount "54"]
[EventDate "2009.04.13"]
[EventType "swiss"]
[EventRounds "9"]
[EventCountry "GER"]
[SourceTitle "EXT 2015"]
[Source "ChessBase"]
[SourceDate "2014.11.20"]
[SourceVersion "1"]
[SourceVersionDate "2014.11.20"]
[SourceQuality "1"]

1. e4 c5 2. Nf3 d6 3. g3 g6 4. Bg2 Bg7 5. 0-0 Nc6 6. c3 Nf6 7. d3 0-0 8. Nh4 e5 9. h3 Nh5 10. Kh2 Be6 11. Bf3 Nf6 12. Be2 Nd7 13. Ng2 Rc8 14. g4 a6 15. Be3 b5 16. Nd2 Ne7 17. Bg5 f6 18. Be3 d5 19. f4 d4 20. Bf2 f5 21. Bg3 c4 22. cxd4 exd4 23. e5 Nc5 24. Nf3 cxd3 25. Bxd3 Nxd3 26. Qxd3 Bc4 27. Qa3 Bxf1 1/2-1/2

[Event "Unterfranken-ch M2 57th"]
[Site "Prichsenstadt"]
[Date "2006.04.20"]
[Round "6"]
[White "Nussbaumer, Hans"]
[Black "Volz, Harald"]
[Result "1-0"]
[WhiteElo "1935"]
[BlackElo "1779"]
[PlyCount "45"]
[EventDate "2006.04.17"]
[EventType "swiss"]
[EventRounds "9"]
[EventCountry "GER"]
[SourceTitle "EXT 2015"]
[Source "ChessBase"]
[SourceDate "2014.11.20"]
[SourceVersion "1"]
[SourceVersionDate "2014.11.20"]
[SourceQuality "1"]

1. e4 c5 2. c3 Nf6 3. Bd3 d5 4. e5 Ne4 5. Bb5+ Nc6 6. d3 Nxf2 7. Kxf2 Bd7 8. Bxc6 Bxc6 9. d4 e6 10. Nf3 Be7 11. Rf1 0-0 12. Kg1 Qb6 13. Kh1 f6 14. Na3 fxe5 15. dxe5 Rf5 16. Qe2 Raf8 17. Be3 d4 18. cxd4 cxd4 19. Nxd4 Rxf1+ 20. Rxf1 Rxf1+ 21. Qxf1 Bd5 22. Nf5 Bc5 23. Ne7+ 1-0

[Event "Bayern-chI Bank Hofmann 9th"]
[Site "Bad Wiessee"]
[Date "2005.10.29"]
[Round "1"]
[White "Volz, Harald"]
[Black "Hedke, Fred"]
[Result "0-1"]
[WhiteElo "2016"]
[BlackElo "2339"]
[PlyCount "40"]
[EventDate "2005.10.29"]
[EventType "swiss"]
[EventRounds "9"]
[EventCountry "GER"]
[SourceTitle "EXT 2006"]
[Source "ChessBase"]
[SourceDate "2005.11.24"]
[SourceVersion "1"]
[SourceVersionDate "2005.11.24"]
[SourceQuality "1"]

1. e4 e5 2. Bc4 Nf6 3. d4 exd4 4. Nf3 Nc6 5. 0-0 d6 6. Re1 Be7 7. Nxd4 0-0 8. Nf5 Bxf5 9. exf5 Qd7 10. g4 h6 11. Nc3 Ne5 12. Be2 Rfe8 13. f4 Nc6 14. g5 Qxf5 15. gxf6 Bxf6 16. Bd2 Nd4 17. Bd3 Rxe1+ 18. Qxe1 Qh3 19. Be4 Nxc2 20. Bxc2 Bd4+ 0-1

[Event "Unterfranken-ch M1 54th"]
[Site "Moembris"]
[Date "2003.04.22"]
[Round "3"]
[White "Schnell, Manfred"]
[Black "Volz, Harald"]
[Result "1-0"]
[WhiteElo "2027"]
[BlackElo "1821"]
[PlyCount "41"]
[EventDate "2003.04.21"]
[EventType "swiss"]
[EventRounds "9"]
[EventCountry "GER"]
[SourceTitle "EXT 2015"]
[Source "ChessBase"]
[SourceDate "2014.11.20"]
[SourceVersion "1"]
[SourceVersionDate "2014.11.20"]
[SourceQuality "1"]

1. e4 c5 2. Nf3 d6 3. d4 cxd4 4. Nxd4 Nf6 5. Nc3 a6 6. Be3 Ng4 7. Bc4 Nxe3 8. fxe3 e6 9. 0-0 Be7 10. a4 0-0 11. Qg4 Nc6 12. Nxc6 bxc6 13. e5 d5 14. Bd3 g6 15. Rf3 Kg7 16. Raf1 c5 17. Rh3 c4 18. Bxc4 f5 19. exf6+ Bxf6 20. Bd3 e5 21. Rxh7+ 1-0

[Event "Unterfranken-ch M1 54th"]
[Site "Moembris"]
[Date "2003.04.21"]
[Round "1"]
[White "Mueller, Roland1111"]
[Black "Volz, Harald"]
[Result "1-0"]
[WhiteElo "1888"]
[BlackElo "1821"]
[PlyCount "119"]
[EventDate "2003.04.21"]
[EventType "swiss"]
[EventRounds "9"]
[EventCountry "GER"]
[SourceTitle "EXT 2015"]
[Source "ChessBase"]
[SourceDate "2014.11.20"]
[SourceVersion "1"]
[SourceVersionDate "2014.11.20"]
[SourceQuality "1"]

1. d4 Nf6 2. Bf4 d6 3. e3 g6 4. h3 Bg7 5. Nf3 0-0 6. Nbd2 Nbd7 7. Bd3 Re8 8. 0-0 e5 9. Bg5 h6 10. Bxf6 Nxf6 11. dxe5 dxe5 12. e4 Nh5 13. Re1 Nf4 14. Bf1 h5 15. Kh2 h4 16. g3 hxg3+ 17. fxg3 Ne6 18. c3 Ng5 19. Qe2 Nxf3+ 20. Nxf3 Be6 21. b3 c6 22. Rad1 Qe7 23. Rd3 Rad8 24. Red1 Rxd3 25. Rxd3 Bf6 26. Qe3 b6 27. Be2 Rd8 28. Kg2 Rxd3 29. Qxd3 Qd7 30. Qxd7 Bxd7 31. Bf1 c5 32. Kf2 Kf8 33. Ke3 Ke7 34. g4 Kd6 35. Bc4 Ke7 36. Bd5 Bg7 37. c4 f6 38. Nh4 Be8 39. Bg8 Bh6+ 40. Kd3 Bg5 41. Nf3 Bf4 42. Bd5 Bg3 43. Ke2 Bd7 44. Ng1 f5 45. Kf3 Bh2 46. Ne2 fxg4+ 47. hxg4 Kf6 48. Nc3 Kg5 49. Nb5 Bxg4+ 50. Kg2 Bf4 51. Nxa7 Bd1 52. Nc8 Kh4 53. Ne7 g5 54. Be6 g4 55. Nd5 Bf3+ 56. Kf2 g3+ 57. Kxf3 Bd2 58. Nxb6 Bc3 59. Nd7 Bd4 60. a3 1-0

[Event "Pyramiden Franken Cup 4th"]
[Site "Fuerth"]
[Date "2001.08.24"]
[Round "7"]
[White "Drexel, Michael"]
[Black "Volz, Harald"]
[Result "1-0"]
[WhiteElo "2255"]
[BlackElo "2053"]
[PlyCount "54"]
[EventDate "2001.08.18"]
[EventType "swiss"]
[EventRounds "9"]
[EventCountry "GER"]
[SourceTitle "EXT 2010"]
[Source "ChessBase"]
[SourceDate "2010.11.25"]
[SourceVersion "1"]
[SourceVersionDate "2010.11.25"]
[SourceQuality "1"]

1. Nf3 Nf6 2. c4 g6 3. Nc3 Bg7 4. e4 d6 5. d4 0-0 6. Be3 Ng4 7. Bg5 f6 8. Bh4 Nc6 9. Be2 e5 10. 0-0 Nh6 11. dxe5 g5 12. exf6 Bxf6 13. Bg3 g4 14. Ne1 Nd4 15. Nc2 Nxe2+ 16. Qxe2 Nf7 17. Rad1 Be5 18. f4 gxf3 19. Qxf3 Be6 20. Bxe5 Nxe5 21. Qxf8+ Qxf8 22. Rxf8+ Rxf8 23. b3 a6 24. Ne3 Rf7 25. Ncd5 Ng4 26. Nxg4 Bxg4 27. Rf1 Be2 1-0

[Event "Pyramiden Franken Cup 3rd"]
[Site "Fuerth"]
[Date "2000.08.25"]
[Round "7"]
[White "Volz, Harald"]
[Black "Ruettinger, Matthias"]
[Result "1-0"]
[WhiteElo "1844"]
[BlackElo "1902"]
[PlyCount "58"]
[EventDate "2000.08.19"]
[EventType "swiss"]
[EventRounds "9"]
[EventCountry "GER"]
[SourceTitle "EXT 2010"]
[Source "ChessBase"]
[SourceDate "2010.11.25"]
[SourceVersion "1"]
[SourceVersionDate "2010.11.25"]
[SourceQuality "1"]

1. e4 d5 2. exd5 Qxd5 3. Nc3 Qa5 4. d4 c6 5. Nf3 Bf5 6. Bd2 e6 7. Ne5 h5 8. Be2 Nf6 9. Ne4 Qd5 10. Nxf6+ gxf6 11. Nxf7 Kxf7 12. Bxh5+ Bg6 13. Bxg6+ Kxg6 14. Qe2 Kf7 15. c4 Qxg2 16. 0-0-0 Rxh2 17. Rhg1 Qh3 18. d5 cxd5 19. cxd5 Nd7 20. Rg3 Rc8+ 21. Bc3 Bh6+ 22. Kb1 Qf5+ 23. Ka1 Rxf2 24. dxe6+ Kf8 25. Bb4+ Nc5 26. e7+ Kf7 27. Qc4+ Qe6 28. e8Q+ Rxe8 29. Qxc5 Rc8 1-0

[Event "Pyramiden Franken Cup 3rd"]
[Site "Fuerth"]
[Date "2000.08.23"]
[Round "5"]
[White "Volz, Harald"]
[Black "Just, Hannes"]
[Result "1/2-1/2"]
[WhiteElo "1844"]
[BlackElo "1893"]
[PlyCount "27"]
[EventDate "2000.08.19"]
[EventType "swiss"]
[EventRounds "9"]
[EventCountry "GER"]
[SourceTitle "EXT 2010"]
[Source "ChessBase"]
[SourceDate "2010.11.25"]
[SourceVersion "1"]
[SourceVersionDate "2010.11.25"]
[SourceQuality "1"]

1. e4 c5 2. Nf3 d6 3. d4 cxd4 4. Nxd4 Nf6 5. Nc3 g6 6. Be3 Bg7 7. f3 0-0 8. Qd2 Nc6 9. 0-0-0 d5 10. Nxc6 bxc6 11. exd5 cxd5 12. Nxd5 Nxd5 13. Qxd5 Qc7 14. Qc5 1/2-1/2

[Event "Pyramiden Franken Cup 3rd"]
[Site "Fuerth"]
[Date "2000.08.22"]
[Round "4"]
[White "Medvegy, Nora"]
[Black "Volz, Harald"]
[Result "1-0"]
[WhiteElo "2318"]
[BlackElo "1844"]
[PlyCount "63"]
[EventDate "2000.08.19"]
[EventType "swiss"]
[EventRounds "9"]
[EventCountry "GER"]
[SourceTitle "EXT 2010"]
[Source "ChessBase"]
[SourceDate "2010.11.25"]
[SourceVersion "1"]
[SourceVersionDate "2010.11.25"]
[SourceQuality "1"]

1. e4 c5 2. Nf3 d6 3. d4 cxd4 4. Nxd4 Nf6 5. Nc3 a6 6. Be3 e5 7. Nb3 Be6 8. Qd2 Be7 9. f3 Nbd7 10. g4 Nb6 11. 0-0-0 0-0 12. Kb1 d5 13. g5 Nxe4 14. fxe4 d4 15. Nxd4 exd4 16. Qxd4 Qxd4 17. Bxd4 Nc4 18. h4 Rac8 19. Nd5 Bd8 20. Bxc4 Rxc4 21. Nc3 Rc6 22. Rhg1 Bb6 23. Bxb6 Rxb6 24. Nd5 Rb5 25. Rd4 Kh8 26. b4 Rd8 27. Rgd1 Bxd5 28. exd5 a5 29. a3 axb4 30. axb4 g6 31. Kb2 Rd6 32. Kb3 1-0

[Event "Bad Harzburg op 1st"]
[Site "Bad Harzburg"]
[Date "1999.11.25"]
[Round "2.3"]
[White "Bjarnason, Oskar"]
[Black "Volz, Harald"]
[Result "1/2-1/2"]
[WhiteElo "2218"]
[BlackElo "2128"]
[PlyCount "64"]
[EventDate "1999.11.24"]
[EventType "swiss"]
[EventRounds "7"]
[EventCountry "GER"]
[SourceTitle "EXT 2023"]
[Source "ChessBase"]
[SourceDate "2022.10.05"]
[SourceVersion "1"]
[SourceVersionDate "2022.10.05"]
[SourceQuality "1"]

1. e4 c5 2. Nf3 d6 3. d4 cxd4 4. Nxd4 Nf6 5. Nc3 a6 6. Be3 e5 7. Nb3 Be6 8. f3 Be7 9. Qd2 0-0 10. 0-0-0 Nc6 11. Nd5 Bxd5 12. exd5 Nd4 13. Nxd4 exd4 14. Qxd4 Rc8 15. Kb1 Nd7 16. c4 Bf6 17. Qd2 Nc5 18. g4 Re8 19. g5 Rxe3 20. Qxe3 Bxg5 21. f4 Bf6 22. Bh3 Rb8 23. Rhe1 g6 24. Re2 b5 25. cxb5 Qa5 26. Rc2 Qxb5 27. b3 Re8 28. Qf3 a5 29. Bf1 Qb4 30. Bc4 Ne4 31. Rd3 Nc5 32. Re3 Rb8 1/2-1/2

[Event "Bayern-chI Bank Hofmann 1st"]
[Site "Bad Wiessee"]
[Date "1997.11.18"]
[Round "4"]
[White "Halser, Walter"]
[Black "Volz, Harald"]
[Result "1-0"]
[WhiteElo "2085"]
[BlackElo "2015"]
[PlyCount "120"]
[EventDate "1997.11.15"]
[EventType "swiss"]
[EventRounds "9"]
[EventCountry "GER"]
[SourceTitle "CBM 061 Extra"]
[Source "ChessBase"]
[SourceDate "1998.03.09"]
[SourceVersion "1"]
[SourceVersionDate "1998.03.09"]
[SourceQuality "1"]

1. e4 c5 2. Nc3 Nc6 3. f4 g6 4. Nf3 Bg7 5. Be2 e6 6. d3 Nge7 7. 0-0 0-0 8. Qe1 Nd4 9. Bd1 d5 10. Ne2 Nxf3+ 11. Rxf3 f5 12. e5 d4 13. Bd2 b6 14. h4 Bb7 15. Rh3 h5 16. Kh2 Bh6 17. Ng1 Kf7 18. Nf3 Nd5 19. Ng5+ Bxg5 20. hxg5 Rh8 21. Bf3 Qd7 22. Qe2 Rag8 23. a3 a5 24. Kg3 Ne7 25. Rhh1 Bxf3 26. Qxf3 Qd5 27. c4 dxc3 28. Qxd5 Nxd5 29. bxc3 Rd8 30. Kf2 Rd7 31. Ke2 Rhd8 32. Rhb1 Nc7 33. Rxb6 Rxd3 34. Rd6 R8xd6 35. exd6 Rxd6 36. Rb1 c4 37. Rb7 Rd7 38. Ra7 Ke8 39. Rxa5 Rd5 40. Ra4 Nb5 41. Ra8+ Rd8 42. Rxd8+ Kxd8 43. a4 Nd6 44. Ke3 Ne4 45. a5 Kc7 46. Be1 Kc6 47. Kd4 Kb5 48. Ke5 Kxa5 49. Kxe6 Nc5+ 50. Kf7 Nd3 51. Bd2 Ka4 52. Kxg6 Kb3 53. Kxf5 Kc2 54. Be3 Kxc3 55. g6 Ne1 56. g7 Nxg2 57. Bf2 h4 58. g8Q h3 59. Qg3+ Kd2 60. Bd4 Ke2 1-0